Innovation and inter-organizational learning in the context pf public service reform (Record no. 506776)

000 -LEADER
fixed length control field 01472nam a2200181Ia 4500
008 - FIXED-LENGTH DATA ELEMENTS--GENERAL INFORMATION
fixed length control field 181130s2018 xx 000 0 und d
100 ## - MAIN ENTRY--PERSONAL NAME
Personal name Hartley, Jean
245 ## - TITLE STATEMENT
Title Innovation and inter-organizational learning in the context pf public service reform
260 ## - PUBLICATION, DISTRIBUTION, ETC.
Date of publication, distribution, etc. 2018
300 ## - PHYSICAL DESCRIPTION
Extent p.231-248.
504 ## - BIBLIOGRAPHY, ETC. NOTE
-- Jun
520 ## - SUMMARY, ETC.
Summary, etc. This article examines links between innovation and inter-organizational learning in the context of public service reform. The theory-building and empirical research draws on longitudinal analysis using mixed methods and multiple stakeholder respondents, set in the context of the Beacon Scheme, an instrument of UK public service reform. The research examines two questions: first, how does inter-organizational learning contribute to innovation? Second, how do changes in the approach to inter-organizational learning shape changes in the approach to innovation over time? The research on the whole of English local government (N?=?388) used temporal bracketing to examine developments in three phases over nine years. The article builds theory about the inter-organizational learning underpinning innovation, and shows that the approach to innovation changed over time, shifting from learning to imitate, to learning to innovate. - Reproduced.
650 ## - SUBJECT ADDED ENTRY--TOPICAL TERM
Topical term or geographic name entry element Civil service
650 ## - SUBJECT ADDED ENTRY--TOPICAL TERM
Topical term or geographic name entry element Civil service reform - U.K.
700 ## - ADDED ENTRY--PERSONAL NAME
Personal name Rashman, Lyndsay
773 ## - HOST ITEM ENTRY
Main entry heading International Review of Administrative Sciences
906 ## - LOCAL DATA ELEMENT F, LDF (RLIN)
a Civil service
Holdings
Withdrawn status Lost status Damaged status Not for loan Permanent Location Current Location Date acquired Serial Enumeration / chronology Barcode Date last seen Price effective from Koha item type
        Indian Institute of Public Administration Indian Institute of Public Administration 2018-12-07 84(2), Jun, 2018: p.231-248. AR118571 2018-12-07 2018-12-07 Articles

Powered by Koha